Все флаги мира - Statistics

General Stats
  • This quiz has been taken 15 336 times
  • The average score is 80 of 196
Answer Stats
Picture Answer % Correct
Соединённые Штаты Америки
99%
Великобритания
96%
Канада
93%
Россия
93%
Франция
92%
Италия
91%
Австралия
88%
Япония
84%
Южная Корея
83%
Нидерланды
82%
Бразилия
81%
Китай
79%
Ирландия
77%
Швеция
77%
Новая Зеландия
76%
Греция
76%
Турция
75%
Германия
75%
Финляндия
74%
Грузия
74%
Норвегия
73%
Швейцария
73%
Израиль
73%
Испания
72%
Польша
72%
Болгария
71%
Индия
71%
Казахстан
71%
Дания
69%
Бельгия
69%
Кипр
68%
Аргентина
67%
Вьетнам
66%
Азербайджан
65%
Бангладеш
63%
Исландия
63%
Албания
63%
Мексика
63%
Саудовская Аравия
62%
Египет
61%
Венгрия
60%
Пакистан
59%
Узбекистан
59%
Непал
58%
Ватикан
58%
Беларусь
58%
Южно-Африканская Республика
57%
Индонезия
57%
Северная Македония
57%
Австрия
56%
Чехия
56%
Монако
55%
Северная Корея
55%
Словакия
55%
Мальта
54%
Косово
54%
Украина
54%
Эстония
53%
Мадагаскар
52%
Алжир
52%
Ямайка
52%
Ирак
52%
Иран
52%
Сербия
52%
Тунис
51%
Армения
51%
Кот-д'Ивуар
50%
Сингапур
50%
Туркменистан
50%
Сирия
50%
Хорватия
50%
Бутан
49%
Ливан
49%
Уругвай
49%
Словения
49%
Сан-Марино
48%
Малайзия
48%
Венесуэла
48%
Португалия
48%
Объединённые Арабские Эмираты
46%
Чили
45%
Румыния
45%
Босния и Герцоговина
44%
Люксембург
43%
Кения
42%
Филиппины
42%
Куба
42%
Перу
41%
Таджикистан
41%
Нигер
40%
Палау
39%
Монголия
39%
Доминиканская Республика
38%
Панама
38%
Тайвань
38%
Таиланд
38%
Мальдивы
37%
Литва
37%
Молдова
37%
Кыргызстан
37%
Катар
37%
Мьянма
36%
Папуа Новая Гвинея
36%
Барбадос
36%
Лихтенштейн
36%
Колумбия
36%
Латвия
36%
Камерун
35%
Черногория
35%
Ливия
34%
Оман
34%
Йемен
34%
Иордания
34%
Сомали
34%
Нигерия
34%
Камбоджа
33%
Шри-Ланка
33%
Лаос
32%
Демократическая Республика Конго
31%
Кувейт
31%
Ангола
31%
Тонга
30%
Мавритания
30%
Афганистан
30%
Бахрейн
30%
Сейшелы
29%
Эфиопия
29%
Буркина-Фасо
28%
Чад
28%
Габон
27%
Либерия
27%
Эквадор
27%
Кирибати
26%
Андорра
26%
Южный Судан
25%
Эсватини
25%
Танзания
25%
Уганда
25%
Судан
24%
Антигуа и Барбуда
24%
Парагвай
24%
Коста-Рика
24%
Гондурас
24%
Малави
23%
Мозамбик
23%
Коморы
22%
Марокко
22%
Науру
21%
Зимбабве
21%
Гаити
21%
Руанда
20%
Маршалловы острова
20%
Сенегал
20%
Республика Конго
19%
Эритрея
19%
Белиз
19%
Микронезия
19%
Никарагуа
19%
Фиджи
19%
Намибия
18%
Тринибад и Тобаго
18%
Восточный Тимор
18%
Сальвадор
18%
Ботсвана
18%
Бурунди
18%
Доминика
17%
Самоа
16%
Мали
16%
Гана
16%
Замбия
16%
Багамы
15%
Джибути
15%
Центральноафриканская Республика
15%
Вануату
14%
Экваториальная Гвинея
14%
Того
14%
Суринам
14%
Лесото
14%
Гайана
13%
Сьерра-Леоне
13%
Бенин
13%
Гренада
13%
Гватемала
13%
Гвинея
12%
Маврикий
12%
Сент-Люсия
12%
Тувалу
11%
Сан-Томе и Принсипи
10%
Боливия
10%
Бруней
9%
Гамбия
9%
Соломоновы острова
8%
Сент-Винсент и Гренадины
8%
Кабо-Верде
5%
Сент-Китс и Невис
4%
Гвинея-Бисау
4%
No matching quizzes found
Score Distribution
Percent of People with Each Score
Percentile by Number Answered
Your Score History
You have not taken this quiz